[Event "Agua Preta op"]
[Site "Agua Preta"]
[Date "2017.11.25"]
[Round "3"]
[White "Born, Ary"]
[Black "Heubeck, Flavio"]
[Result "0-1"]
[WhiteElo "1433"]
[BlackElo "1688"]
[PlyCount "38"]
[EventDate "2017.11.24"]
[EventType "swiss"]
[EventRounds "6"]
[EventCountry "BRA"]
[SourceTitle "EXT 2019"]
[Source "ChessBase"]
[SourceDate "2018.10.10"]
[SourceVersion "1"]
[SourceVersionDate "2018.10.10"]
[SourceQuality "1"]

1. d4 c6 2. Nf3 d6 3. Bf4 Nd7 4. e3 Qc7 5. c3 Ngf6 6. Nbd2 h6 7. h3 e5 8. Bh2 Be7 9. dxe5 Nxe5 10. Nd4 0-0 11. Bd3 Nxd3+ 12. Kf1 Ne5 13. N2f3 a6 14. Qc2 c5 15. Nf5 Be6 16. Nxe5 dxe5 17. Nxe7+ Qxe7 18. Bxe5 Bc4+ 19. Kg1 Qxe5 0-1

[Event "Agua Preta op"]
[Site "Agua Preta"]
[Date "2017.11.24"]
[Round "1"]
[White "Rocha, Vitor Firmo de Souz"]
[Black "Heubeck, Flavio"]
[Result "1-0"]
[WhiteElo "2177"]
[BlackElo "1688"]
[PlyCount "59"]
[EventDate "2017.11.24"]
[EventType "swiss"]
[EventRounds "6"]
[EventCountry "BRA"]
[SourceTitle "CBM 181 Extra"]
[Source "ChessBase"]
[SourceDate "2017.12.12"]
[SourceVersion "1"]
[SourceVersionDate "2017.12.12"]
[SourceQuality "1"]

1. e4 c6 2. d4 d6 3. f4 e6 4. Nf3 Qc7 5. Bd3 Nd7 6. 0-0 Ngf6 7. e5 Nd5 8. Nc3 a6 9. Ne4 Nb4 10. exd6 Bxd6 11. Nxd6+ Qxd6 12. f5 Nxd3 13. Qxd3 Nf6 14. Bg5 Nd5 15. c4 Nc7 16. h4 g6 17. Bh6 b5 18. Qe3 bxc4 19. Bg7 Bb7 20. Bxh8 0-0-0 21. Bg7 h5 22. Rad1 Nd5 23. Qc1 Rd7 24. Ne5 Rc7 25. Nxc4 Qb4 26. a3 Qb3 27. Rf3 Qxf3 28. gxf3 Kd7 29. Ne5+ Ke8 30. Qc5 1-0

[Event "Bahia-ch final"]
[Site "Paulo Afonso"]
[Date "2017.01.21"]
[Round "4"]
[White "Paim, Joilson De Santana"]
[Black "Heubeck, Flavio"]
[Result "1-0"]
[WhiteElo "1863"]
[BlackElo "1687"]
[PlyCount "137"]
[EventDate "2017.01.20"]
[EventType "swiss"]
[EventRounds "6"]
[EventCountry "BRA"]
[SourceTitle "EXT 2018"]
[Source "ChessBase"]
[SourceDate "2017.10.13"]
[SourceVersion "1"]
[SourceVersionDate "2017.10.13"]
[SourceQuality "1"]

1. e4 e6 2. d4 d6 3. f4 c6 4. Nf3 Nf6 5. Nc3 Be7 6. Bd3 Qc7 7. 0-0 Nbd7 8. e5 Nd5 9. Nxd5 cxd5 10. Ng5 Bxg5 11. fxg5 dxe5 12. Qf3 0-0 13. Qg3 Qb6 14. Kh1 e4 15. Be2 Qxd4 16. c3 Qb6 17. b3 a6 18. Ba3 Nc5 19. Qf2 Nd7 20. Bxf8 Qxf2 21. Rxf2 Kxf8 22. Raf1 Ne5 23. h3 Bd7 24. Bh5 Be8 25. Be2 Rc8 26. Rc1 b5 27. Rff1 Bc6 28. Kg1 Rc7 29. h4 Kg8 30. Kf2 Ng6 31. g3 Ne5 32. Ke3 Nd7 33. Rf2 Bb7 34. h5 e5 35. Rff1 f6 36. g6 h6 37. Bg4 Nc5 38. Be2 Bc8 39. Rfd1 Bb7 40. Bg4 Re7 41. Ra1 b4 42. cxb4 d4+ 43. Ke2 Ne6 44. Rac1 Nc7 45. a4 d3+ 46. Kd2 Kf8 47. Rc5 Ne6 48. Bxe6 Rxe6 49. Rc7 Bd5 50. Rdc1 Re8 51. b5 axb5 52. axb5 Rb8 53. Rc8+ Rxc8 54. Rxc8+ Ke7 55. b6 Ke6 56. Rc7 Kd6 57. Rxg7 f5 58. b7 Bxb7 59. Rxb7 f4 60. gxf4 exf4 61. g7 Kc6 62. Rf7 f3 63. g8Q Kc5 64. Rf5+ Kb4 65. Qc4+ Ka3 66. Kc3 Ka2 67. b4+ Kb1 68. Qb3+ Kc1 69. Qb2+ 1-0

[Event "Baianos-ch"]
[Site "Salvador"]
[Date "2015.10.10"]
[Round "2"]
[White "Rodrigues, Clayton Marques"]
[Black "Heubeck, Flavio"]
[Result "1-0"]
[WhiteElo "1895"]
[BlackElo "1643"]
[PlyCount "81"]
[EventDate "2015.10.09"]
[EventType "swiss"]
[EventRounds "7"]
[EventCountry "BRA"]
[SourceTitle "EXT 2022"]
[Source "ChessBase"]
[SourceDate "2021.10.06"]
[SourceVersion "1"]
[SourceVersionDate "2021.10.06"]
[SourceQuality "1"]

1. b3 Nf6 2. Bb2 e6 3. e3 b6 4. f4 Bb7 5. Nf3 g6 6. g4 Bg7 7. g5 Nh5 8. Nc3 0-0 9. Rg1 a6 10. Qe2 Nc6 11. 0-0-0 Ne7 12. Bh3 Nd5 13. Bg4 Nhxf4 14. exf4 Nxf4 15. Qe3 Nd5 16. Nxd5 Bxb2+ 17. Kxb2 Bxd5 18. h4 f5 19. Bh3 Qe7 20. c3 Rab8 21. h5 Bxf3 22. Qxf3 a5 23. Rg2 b5 24. Rh1 Kf7 25. Qe3 Rb6 26. hxg6+ Ke8 27. Bxf5 hxg6 28. Bxg6+ Kd8 29. Rf2 c5 30. Rxf8+ Qxf8 31. Qe5 Qd6 32. Qf6+ Kc7 33. Kc2 c4 34. Rh8 Rb8 35. Rxb8 Kxb8 36. Qd8+ Ka7 37. Qxa5+ Kb8 38. Qxb5+ Kc8 39. Qxc4+ Kd8 40. Bd3 e5 41. g6 1-0

[Event "Porto Seguro op"]
[Site "Porto Seguro"]
[Date "2014.09.14"]
[Round "5"]
[White "Heubeck, Flavio"]
[Black "Deus Filho, Joaquim"]
[Result "0-1"]
[WhiteElo "1661"]
[BlackElo "1987"]
[PlyCount "128"]
[EventDate "2014.09.12"]
[EventType "swiss"]
[EventRounds "6"]
[EventCountry "BRA"]
[SourceTitle "CBM 162 Extra"]
[Source "ChessBase"]
[SourceDate "2014.10.17"]
[SourceVersion "1"]
[SourceVersionDate "2014.10.17"]
[SourceQuality "1"]

1. c4 e5 2. Nc3 Nc6 3. g3 f5 4. e3 Bc5 5. Bg2 d6 6. a3 a5 7. Nge2 Ba7 8. 0-0 Nf6 9. Qb3 0-0 10. Nb5 Kh8 11. Nbc3 Qe8 12. Nd5 Qh5 13. f3 a4 14. Qd1 Nxd5 15. cxd5 Ne7 16. Nc3 f4 17. g4 Qf7 18. Kh1 Nxd5 19. e4 Nxc3 20. bxc3 Qc4 21. Rb1 Bc5 22. Re1 Bf2 23. Re2 Bb6 24. Rb4 Qd3 25. Re1 Qa6 26. Bf1 Qa7 27. Bb5 Ba5 28. Rb1 Rf6 29. Rf1 c6 30. Be2 b5 31. Bb2 Rh6 32. d4 Qe7 33. Rf2 Be6 34. Rg2 Bb6 35. d5 cxd5 36. exd5 Bd7 37. Bd3 Rh3 38. Qf1 Qh4 39. Bf5 Be8 40. g5 Rg3 41. Rxg3 fxg3 42. Qh3 Qxh3 43. Bxh3 Bh5 44. Rf1 Rf8 45. hxg3 Rxf3 46. Kh2 e4 47. Kg2 Rxf1 48. Kxf1 Bf7 49. Be6 Bxe6 50. dxe6 Kg8 51. c4 bxc4 52. Ke2 Kf8 53. g4 d5 54. Be5 Bc5 55. Bb2 d4 56. g6 hxg6 57. g5 c3 58. Bc1 d3+ 59. Kd1 Ke7 60. Bf4 e3 61. Kc1 Bxa3+ 62. Kb1 c2+ 63. Ka2 c1Q 64. Bd6+ Kxd6 0-1

[Event "Baiano-ch"]
[Site "Salvador"]
[Date "2013.11.16"]
[Round "4.7"]
[White "Fiaes, Mario Henrique"]
[Black "Heubeck, Flavio"]
[Result "1-0"]
[WhiteElo "2073"]
[BlackElo "1672"]
[PlyCount "87"]
[EventDate "2013.11.14"]
[EventType "swiss"]
[EventRounds "7"]
[EventCountry "BRA"]
[SourceTitle "EXT 2022"]
[Source "ChessBase"]
[SourceDate "2021.10.06"]
[SourceVersion "1"]
[SourceVersionDate "2021.10.06"]
[SourceQuality "1"]

1. e4 c6 2. d4 d5 3. e5 e6 4. Nf3 a6 5. Bd3 Ne7 6. 0-0 h6 7. Re1 Nf5 8. c3 c5 9. Qc2 Nc6 10. Be3 Qb6 11. Bxf5 exf5 12. dxc5 Qd8 13. b4 Be6 14. Nbd2 Be7 15. Nb3 Rc8 16. Nbd4 Qd7 17. a3 g5 18. Nxc6 Qxc6 19. Rad1 Rd8 20. Bd4 g4 21. Nd2 Bg5 22. Nb3 h5 23. Na5 Qd7 24. c4 Rg8 25. Bb2 Kf8 26. Rd3 Qc7 27. Red1 b6 28. cxb6 Qxb6 29. cxd5 Rc8 30. Rc3 Rxc3 31. Qxc3 Qd8 32. Nb7 Qd7 33. Nc5 Qd8 34. Qd3 Bc8 35. Nxa6 h4 36. Nc5 Rg6 37. b5 g3 38. fxg3 hxg3 39. h3 f4 40. e6 Qd6 41. Ne4 Qe7 42. Qc3 Bb7 43. Qh8+ Rg8 44. Bg7+ 1-0

[Event "Baiano-ch"]
[Site "Salvador"]
[Date "2012.10.12"]
[Round "2.6"]
[White "Heubeck, Flavio"]
[Black "Pinto, Jaime de Castilho F"]
[Result "0-1"]
[WhiteElo "1682"]
[BlackElo "2042"]
[PlyCount "94"]
[EventDate "2012.10.11"]
[EventType "swiss"]
[EventRounds "7"]
[EventCountry "BRA"]
[SourceTitle "EXT 2022"]
[Source "ChessBase"]
[SourceDate "2021.10.06"]
[SourceVersion "1"]
[SourceVersionDate "2021.10.06"]
[SourceQuality "1"]

1. c4 Nf6 2. Nc3 g6 3. g3 Bg7 4. Bg2 c5 5. Nf3 Nc6 6. e3 d5 7. cxd5 Nxd5 8. 0-0 0-0 9. a3 Nxc3 10. bxc3 Bf5 11. d4 c4 12. Ne1 Qd7 13. Qe2 Na5 14. e4 Bh3 15. Be3 Nb3 16. Rd1 b5 17. Nf3 Bxg2 18. Kxg2 Qb7 19. Qc2 a5 20. Rb1 a4 21. Ne5 f5 22. f3 Bxe5 23. dxe5 e6 24. h4 Qe7 25. exf5 gxf5 26. Bg5 Qxa3 27. Qd1 Rf7 28. Rf2 Qc5 29. Re2 a3 30. Rxb3 cxb3 31. Qxb3 Qc4 32. Qd1 Qxe2+ 33. Qxe2 a2 34. Qxb5 a1Q 35. Be3 Ra2+ 36. Bf2 Kg7 37. Qc4 Qb2 38. Qd4 Qxf2+ 39. Qxf2 Rxf2+ 40. Kxf2 Rc7 41. f4 Rxc3 42. Kg2 Kg6 43. Kh2 Kh5 44. Kg2 Kg4 45. h5 Rc2+ 46. Kf1 Kxg3 47. h6 Kxf4 0-1